Регионална библиотека "Любен Каравелов" - Русе

Програма на работниците (Запис номер 403138)

MARC детайли
000 -Лидер
Контролно поле с фиксирана дължина nam a22 a 4500
003 - Код на организацията, давaща контролен номер
Контролно поле BLK
005 - Дата и час на последна редакция
Контролно поле 20210624124013.0
008 - Елементи от данни с фиксирана дължина
fixed length control field 210326b bu |||||r|||| 00| | bu d
040 ## - Източник на каталожния запис
Идентификатор на билиотеката - собственик на записа BLK
041 ## - Код за език
Код за езика на текст/звукозапис или на отделно заглавие Български
Код за езика КДБФ Български
080 ## - УДК
Текстов определител УДК Разделение на труда в предприятието. Работни звена. Разпределение на задачите
УДК код - определител по УДК 331.103.1
УДК - код + определител 331.103.1
080 ## - УДК
Текстов определител УДК Международно работническо движение. - І, ІІ и ІІІ Интернационали, междунар. ком. движение, Коминтерн, троцкизъм, ІV интернационал и др.
УДК код - определител по УДК 327.323
УДК - код + определител 327.323
080 ## - УДК
Текстов определител УДК Занаятчийски промишлени производствени системи
УДК код - определител по УДК 334.71
УДК - код + определител 334.71
100 ## - Редна дума - Автор
R(LIN) 1299
Автор Ласал, Фердинанд
Авторска отговорност първи автор
139 ## - Редно поле
Редна дума Ласал, Фердинанд
Авторски знак Лас - Л 26
245 ## - Сведения за заглавието
Заглавие Програма на работниците
Подзаглавни данни Лекция, четена на 12 април в Ораженбургската околия на Берлинския занаятчийски съюз
Редно поле (дума) Фердинанд Ласал ; прев. от рус. [Георги Бакалов].
257 ## - Страна на издаване
Страна на създаване/издаване Германия
260 ## - Област на издателските данни
9 (RLIN) 219768
Място на издаване, разпространение и проч. Търново
Име на издателя, разпространителя и проч. б. и.
Година на издаване 1892
Печатница Търново : скоропеч. П. Х. Панайотов
300 ## - Физическа характеристика
Страници 52 с.
Размери/Мащаб 19 см
380 ## - Жанр
Жанр Обществени науки
490 ## - СЕРИИ (Колекции)
9 (RLIN) 435080
Име на серия Колекция Редки и ценни издания
650 #0 - Допълнително описание по предмет – тема
9 (RLIN) 347413
Основно описание – тема или топоним Производствени процеси
650 #0 - Допълнително описание по предмет – тема
9 (RLIN) 281622
Основно описание – тема или топоним Работническо движение - Германия - история
650 #7 - Допълнително описание по предмет – тема
9 (RLIN) 173097
Основно описание – тема или топоним Съюзи, занаятчийски
651 #7 - Допълнително описание по предмет - топоним
9 (RLIN) 178754
Географско понятие Германия
653 #7 - Ключова дума – ненормативна
9 (RLIN) 195052
Ключова дума работническа класа
653 #7 - Ключова дума – ненормативна
9 (RLIN) 195053
Ключова дума работническо движение
653 #7 - Ключова дума – ненормативна
9 (RLIN) 189788
Ключова дума лекции
700 ## - Други автори (авторска отговорност)
Лично име Бакалов, Георги Петров
Автороска отговорност (Описва отношението между автора и произведението) прев. от рус. ез.
Друга информация не ползмай
9 (RLIN) 404387
852 ## - Местоположение
Форматна сигнатура Рб 892
Фондова буква Редки и ценни
999 ## - СИСТЕМНИ КОНТРОЛНИ НОМЕРА
Koha biblionumber 403138
Koha biblioitemnumber 403138
942 ## - АРТИКУЛИ
Вид на библиотечния материал Книги
Скрит в OPAC Не
Периодичен библиозапис Да
944 ## - СЪЗДАВАНЕ И РЕДАКЦИЯ на ЗАПИСА
Създаване/Редакция Създаване
Дата на регистрацията/редакция 2021-03-26
Служител, извършил регистрацията/редакцията МЕ
944 ## - СЪЗДАВАНЕ И РЕДАКЦИЯ на ЗАПИСА
Създаване/Редакция Редакция
Дата на регистрацията/редакция 2021-04-01
Служител, извършил регистрацията/редакцията Кети
999 ## - СИСТЕМНИ КОНТРОЛНИ НОМЕРА
Koha biblioitemnumber 403138
999 ## - СИСТЕМНИ КОНТРОЛНИ НОМЕРА
Koha biblioitemnumber 403138
999 ## - СИСТЕМНИ КОНТРОЛНИ НОМЕРА
Koha biblioitemnumber 403138
Наличности
Код за отписване Код за изгубен артикул Източник на класификационната схема Код за повреда Коз за рестрикции Код за отдаване Артикулен № Име на библиотеката - собственик Име на библиотеката, в която се намира в момента Статус (Текущо местоположение) Дата на вписване в системата Местоположение - отдел Цена в лева Инвентарен номер Систематично азбучна сигнатура Баркод Цена в евро Служебен тип на артикула
  Не е изгубен Universal Decimal Classification Не е повреден само за читалня Специални фондове ( старопечатни, редки и ценни, фонд М. Арнаудов) 852533 Регионална библиотека "Любен Каравелов" Русе Регионална библиотека "Любен Каравелов" Русе Редки и ценни 2021-09-17 Редки и ценни 0.04 13183 Рб 892 900000049384 0.02 Книги
Vip Innovations Ltd, Rousse, Bulgaria 2025